Pays de Moins de 100 000 Habitants - Statistiques

Statistiques générales
  • Ce quiz a été pris 84 fois
  • Le résultat moyen est 10 sur 13
Statistiques - réponses
Habitants Pays % Correct
503 Vatican
98%
38 197 Monaco
90%
83 352 Andorre
88%
33 590 Saint-Marin
85%
40 252 Liechtenstein
83%
12 063 Nauru
78%
35 650 Îles Marshall
71%
46 960 Saint-Christophe-et-Nievès
71%
99 583 Saint-Vincent-et-les-Grenadines
69%
17 641 Palaos
68%
9 420 Tuvalu
61%
94 423 Antigua-et-Barbuda
60%
65 686 Dominique
55%
Aucun quiz correspondant
Distribution des résultats
% des personnes avec chaque résultat
Percentile par nombre de réponses
Votre historique - résultats
Vous n’avez pas pris ce quiz